Statistiques concernant Tous les circuits de Mario Kart 8 Deluxe (Avec DLC)

Cliquez ici pour prendre le quiz!

Statistiques générales

  • Ce quiz a été pris 38 fois
  • Le résultat moyen est 33 sur 56

Statistiques - réponses

CoupeConsole d'origineRéponse% Correct
ChampignonWii UChampidrome
81%
Super NESRoute Arc-en-ciel
81%
Wii URoute Arc-en-ciel
81%
Nintendo 64Route Arc-en-ciel
81%
Game Boy AdvanceCircuit Mario
74%
FleurWii UCircuit Mario
74%
Wii UMute City
74%
Wii UBig Blue
71%
CrossingGameCubeParc Baby
71%
Wii UAnimal Crossing
68%
ŒufGameCubeCircuit Yoshi
68%
Wii UPromenade Toad
68%
Wii UCascades Maskass
65%
Wii UDescente givrée
65%
Wii UDésert Toussec
65%
FeuilleDSStade Wario
65%
Wii UTemple Thwomp
65%
ÉtoileWii UAéroport Azur
61%
Nintendo 64Autoroute Toad
61%
BananeGameCubeDésert Sec Sec
61%
3DSÉgout Piranha
61%
Wii UManoir Trempé
61%
Wii UPassage Feuillage
61%
Game Boy AdvancePays Fromage
61%
Wii UPiste aux délices
61%
WiiSupermarché Coco
61%
Wii UChâteau de Bowser
58%
DSCorniche Champignon
58%
Android, iOSDojo ninja
58%
Wii ULagon Tourbillon
58%
TriforceWiiMine Wario
58%
Nintendo 64Montagne Choco
58%
CarapaceWiiPrairie Meuh Meuh
58%
Turbo doréeAndroid, iOSPromenade à Paris
58%
Game Boy AdvanceRoute Ruban
58%
Wii UCircuit d'Hyrule
55%
3DSCircuit Toad
55%
ÉclairDSHorloge Tic-Tac
55%
Clochette3DSKoopapolis
55%
Nintendo 64Vallée Yoshi
55%
Nintendo 64Autodrome royal
52%
Wii UClub Mario
52%
DSPlage Cheep Cheep
52%
Super NESPlaine Donut 3
52%
SpécialeWii UVoie céleste
52%
Wii UParc Glougloop
48%
3DSPiste musicale
48%
Wii URoute du dragon
48%
Maneki-nekoAndroid, iOSTraversée de Tokyo
48%
WiiVolcan grondant
48%
3DSForêt tropicale DK
45%
Game Boy AdvanceJardin volant
45%
Wii UMétro Turbo
45%
GameCubeRoyaume Sorbet
45%
Wii UStation Glagla
45%
Wii UArène d'Excitebike
42%

Distribution des résultats

Percentile par nombre de réponses

% des personnes avec chaque résultat

Votre développement - résultats

Vous n’avez pas pris ce quiz